LEADER 01116nam a2200265 4500 001 000000341975 003 CaOOAMICUS 005 20201014094658.0 008 200909s2020 it 000 u ita r 020 $a978-88-922216-0-4 040 $aSeMil$bita 100 1 $aD'Agostino, Marco,$c.$0(OLS)http://semarc/name/93373 245 00$aIn punta di piedi :$bechi dalla formazione presbiterale /$cMarco D'Agostino. 264 1$aCinisello Balsamo :$bSan Paolo,$c2020. 300 $a125 p. ;$c21 cm 541 0 $aFondo mons. Mario Delpini 650 4$aSacerdozio - Formazione.$0(OLS)http://semarc/subject/1958 650 4$aPresbiterato.$0(OLS)http://semarc/subject/2315 850 $aSeMil 852 $aSeMil$W1$xVenegono$y1$m3G V 429$j221886$B233008$CSeMilBibl$Z2$F233008 $81 941 1 $a7 996 $6020$a978-88-922216-0-4$9(OLS)http://semarc/number/291187 996 $6245$aIn punta di piedi :$bechi dalla formazione presbiterale$9(OLS)http://semarc/title/430865 996 $6264$aCinisello Balsamo :$bSan Paolo$9(OLS)http://semarc/publisher/30129 LEADER 01098nam a2200253 i 4500 001 000000226649 003 CaOOAMICUS 005 20140129000000.0 008 140129s1992 it u000 u ita u 013 $a205551 020 $a88-215-2542-2 040 $aSeMil$bita 245 13$aIl colore della fede :$bla religiosità in Salvatore Fiume /$c; testi di Gesualdo Bufalino ... [et al.]. 260 $aCinisello Balsamo :$bPaoline,$c1992. 300 $a199 p. :$bill. ;$c31 cm. 500 $aIn custodia. 650 4$aFiume, Salvatore .$0(OLS)http://semarc/subject/41128 700 1 $aBufalino, Gesualdo,$d<1920-1996>.$0(OLS)http://semarc/name/31670 850 $aSeMil 852 $aSeMil$W1$xVenegono$y1$m5F XVI 26$j176995$B176995$CSeMilBibl$Z2$F188191 $81 961 $aOmaggio: Grampa dott. Cesare 996 $6020$a88-215-2542-2$9(OLS)http://semarc/number/227982 996 $6245$aIl colore della fede :$bla religiosità in Salvatore Fiume$9(OLS)http://semarc/title/324491 996 $6260$aCinisello Balsamo :$bPaoline$9(OLS)http://semarc/publisher/29695